[Event "IND-ch Challengers (Women) 43rd"]
[Site "Chennai"]
[Date "2016.06.22"]
[Round "8"]
[White "Pavithra, BL."]
[Black "Nisha, N Patkar"]
[Result "1/2-1/2"]
[WhiteElo "1264"]
[BlackElo "1686"]
[PlyCount "58"]
[EventDate "2016.06.17"]
[EventType "swiss"]
[EventRounds "11"]
[EventCountry "IND"]
[SourceTitle "CBM 173 Extra"]
[Source "ChessBase"]
[SourceDate "2016.08.29"]
[SourceVersion "1"]
[SourceVersionDate "2016.08.29"]
[SourceQuality "1"]

1. e4 c5 2. Nf3 Nc6 3. d4 cxd4 4. Nxd4 Nf6 5. Nc3 e5 6. Nb3 Bb4 7. Bd3 Bxc3+ 8. bxc3 0-0 9. Bg5 h6 10. Bh4 Qe7 11. Qf3 Re8 12. Bxf6 Qxf6 13. Qxf6 gxf6 14. 0-0 Ne7 15. Rfd1 d5 16. f3 dxe4 17. fxe4 Kg7 18. Rab1 Rg8 19. Nc5 b6 20. Na6 Bg4 21. Rf1 Rac8 22. c4 Be6 23. c5 bxc5 24. Rb7 Ng6 25. Nc7 Nf8 26. Rxa7 Rb8 27. Na6 Rc8 28. Nc7 Rb8 29. Na6 Rc8 1/2-1/2

[Event "IND-ch Challengers (Women) 43rd"]
[Site "Chennai"]
[Date "2016.06.21"]
[Round "7"]
[White "Jayashree P, Sankpal"]
[Black "Pavithra, BL."]
[Result "0-1"]
[WhiteElo "1619"]
[BlackElo "1264"]
[PlyCount "101"]
[EventDate "2016.06.17"]
[EventType "swiss"]
[EventRounds "11"]
[EventCountry "IND"]
[SourceTitle "CBM 173 Extra"]
[Source "ChessBase"]
[SourceDate "2016.08.29"]
[SourceVersion "1"]
[SourceVersionDate "2016.08.29"]
[SourceQuality "1"]

1. e4 e5 2. Nf3 Nc6 3. Bb5 a6 4. Ba4 Nf6 5. 0-0 Be7 6. Re1 b5 7. Bb3 0-0 8. c3 d6 9. d4 Bg4 10. Qd3 Bxf3 11. gxf3 Na5 12. Bc2 Nh5 13. Kh1 Bh4 14. Qf1 Qf6 15. Qg2 exd4 16. Rg1 g6 17. Bd2 Nc4 18. Bc1 Ne5 19. cxd4 Nxf3 20. e5 dxe5 21. dxe5 Nxe5 22. Be3 Nf4 23. Qe4 Nh3 24. Rf1 Rfe8 25. Nc3 Nc4 26. Qg2 Nf4 27. Qg4 Ne6 28. Be4 Rab8 29. Nd5 Qd8 30. Nb4 Ne5 31. Qg2 Qd6 32. a3 c5 33. Rad1 Qf8 34. Nxa6 Rb6 35. Nb4 Nc4 36. Nd5 Nxe3 37. fxe3 Rbb8 38. Qg4 Qh6 39. Rf3 Ng7 40. Bc2 Re5 41. Qd7 f5 42. Qd6 Ree8 43. Qxc5 Rec8 44. Qa7 Re8 45. Bb3 Kh8 46. Qd4 Rbd8 47. Rh3 g5 48. Rf3 Rf8 49. Qc5 g4 50. Rff1 Bg3 51. Rd2 0-1

[Event "IND-ch Challengers (Women) 43rd"]
[Site "Chennai"]
[Date "2016.06.19"]
[Round "4"]
[White "Pallavi"]
[Black "Pavithra, BL."]
[Result "1/2-1/2"]
[WhiteElo "1657"]
[BlackElo "1264"]
[PlyCount "53"]
[EventDate "2016.06.17"]
[EventType "swiss"]
[EventRounds "11"]
[EventCountry "IND"]
[SourceTitle "CBM 173 Extra"]
[Source "ChessBase"]
[SourceDate "2016.08.29"]
[SourceVersion "1"]
[SourceVersionDate "2016.08.29"]
[SourceQuality "1"]

1. e4 e5 2. Nf3 Nc6 3. Bb5 a6 4. Ba4 Nf6 5. 0-0 Be7 6. Re1 b5 7. Bb3 0-0 8. Nc3 d6 9. h3 Bb7 10. d4 exd4 11. Nxd4 Ne5 12. a3 Qd7 13. Nf5 Bd8 14. Ng3 h6 15. Qe2 Re8 16. f3 Nh7 17. Nf5 Nf6 18. Qf2 Kh7 19. Bf4 Ng6 20. Bg3 d5 21. Rad1 c6 22. Nd6 Re7 23. Nxb7 Qxb7 24. Kh1 Ba5 25. exd5 Rxe1+ 26. Qxe1 cxd5 27. Qe3 1/2-1/2